000 01523nam a22003494a 4500
001 ebr10070287
003 CaPaEBR
006 m u
007 cr cn|||||||||
008 010329s2002 enkab sb 001 0 eng
010 _z 2001035035
020 _z052179109X (hardback)
040 _aCaPaEBR
_cCaPaEBR
035 _a(OCoLC)57218585
050 1 4 _aQL737.P9
_bP6775 2002eb
082 0 4 _a333.95/9816
_221
245 0 0 _aPrimates face to face
_h[electronic resource] :
_bconservation implications of human and nonhuman primate interconnections /
_cedited by Agustin Fuentes and Linda D. Wolfe.
260 _aCambridge, UK ;
_aNew York, NY :
_bCambridge University Press,
_c2002.
300 _axvi, 340 p. :
_bill., maps.
490 1 _aCambridge studies in biological and evolutionary anthropology ;
_v29
504 _aIncludes bibliographical references and index.
533 _aElectronic reproduction.
_bPalo Alto, Calif. :
_cebrary,
_d2013.
_nAvailable via World Wide Web.
_nAccess may be limited to ebrary affiliated libraries.
650 0 _aPrimates
_xResearch.
650 0 _aWildlife conservation.
650 0 _aHuman-animal relationships.
655 7 _aElectronic books.
_2local
700 1 _aFuentes, Agustin.
700 1 _aWolfe, Linda D.,
_d1942-
710 2 _aebrary, Inc.
830 0 _aCambridge studies in biological and evolutionary anthropology ;
_v29.
856 4 0 _uhttp://site.ebrary.com/lib/rucke/Doc?id=10070287
_zAn electronic book accessible through the World Wide Web; click to view
999 _c42987
_d42987